000 00689cam a2200253 a 4500
001 000008309
005 20200929161326.0
008 970414s1997 sp 000 f spa d
020 _a8420482498
040 _aDO-SdBNP
_cDLC
082 _aU863.44
_bP855c, 1997
100 1 _aPosadas, Carmen,
_d1953-
_922463
245 1 0 _aCinco moscas azules /
_cCarmen Posadas.
250 _a2a ed.
260 _aMadrid :
_bAlfaguara,
_c1997.
300 _a379 p. ;
_c25 cm.
490 1 _aExtra Alfaguara
650 4 _aNovela uruguaya
_95679
650 4 _aLiteratura uruguaya
_93054
830 0 _aExtra Alfaguara
_916634
910 _aCatalogación por copia / LC
910 _aWM
049 _aBNGR
999 _c8080
_d8080